000 00873nam0a2200277 4500
001 RU\NLR\bibl\1509957
005 20250616023128.0
010 _a978-5-486-03421-3
_96000
021 _aRU
_b2010-25202
_91695
035 _a(NLR Aleph) 001501357
090 _a1796201
_c1796201
100 _a20100512d2010 |||y0rusy50 ca
101 1 _arus
_ceng
102 _aRU
105 _ay |||||||||
200 1 _aСахарный дворец
_e[роман]
_fР. Лейкер
_g[пер. с англ. Н.В. Гасановой]
210 _aМосква
_cМир книги
_d2010
215 _a319 с.
_d21
225 1 _aВлюбленные сердца
686 _aШ6(4Вл)67-440.4{Лх1299-50}
700 1 _aЛейкер
_bР.
_gРозалинда
_4070
801 0 _aRU
_bNLR
_c20100512
_gRCR
801 1 _aRU
_bNLR
_c20100512
942 _cBOOK
980 _aNB